• 首页
  • 本馆介绍
  • 公告通知
  • 最新文献
  • 馆藏检索
  • 电子资源
  • 读者导购
  • 参考咨询
  • 我的图书馆
  • 登录
  • 详细信息显示
  • 放入我的书架
  • 预约/预借图书
  • 作者相关作品
  • 分类相关作品
  • 丛书相关作品
  • 出版社相关作品

书目信息

  • 表格格式
  • 工作单格式
  • 卡片格式
题名:
查尔斯·达尔文
    
 
作者: 格林 , Grenee 著 ;山东大学公共外语教研室文科组 注释
分册:  
出版信息: 北京   外语教学与研究出版社  1984
页数: 52页
开本: 19cm
丛书名:
单 册:
中图分类: H319.4:K , H319.4
科图分类:
主题词: 英语-阅读教学--高等学校--教材 , 阅读教学-英语--高等学校--教材
电子资源:
ISBN:
000 00932nam0 2200301 45
001 0184003477
005 20040510171240.1
010    @dCNY0.29
091    @a9215.207
100    @a19950527d1984 em y0chiy0121 ea
101 2  @achi@aeng
102    @aCN@b110000
105    @af z 000yy
106    @ar
200 10 @a查尔斯·达尔文@Acha er si da er wen@f( )格林(Grenee,C.)著@g山东大学公共外语教研室文科组注释
210    @a北京@c外语教学与研究出版社@d1984
215    @a52页@c图@d19cm
300    @a高等学校文科英语泛读教材
606    @a英语-阅读教学@x高等学校@x教材
606    @a阅读教学-英语@x高等学校@x教材
690    @aH319.4:K@v3
690    @aH319.4
701  1 @a格林@Age lin@bC.@4著
701 A1 @aGrenee@bC.@4著
711 02 @a山东大学公共外语教研室文科组@Ashan dong da xue gong gong wai yu jiao yan shi wen ke zu@4注释
801  0 @aCN@b上海图书馆@c20040510
801  2 @aCN@bNLC@c20040510
905    @dH319.4@e378
    
    查尔斯·达尔文/( )格林(Grenee,C.)著/山东大学公共外语教研室文科组注释.-北京:外语教学与研究出版社,1984
    52页:图;19cm
    高等学校文科英语泛读教材
    
    ISBN :CNY0.29
    
●
相关链接 在E读中查询图书 在五车中查询图书 在当当中查询图书 在豆瓣中查询图书


正题名:查尔斯·达尔文     索取号:H319.4/378         预约/预借

序号 登录号 条形码 馆藏地/架位号 状态 备注
1 0207576   001086997   密集书库/ [索取号:H319.4/378] 在馆    
2 0207577   001087004   第四借阅区/ [索取号:H319.4/378] 在馆    
3 0207578   001086933   第四借阅区/ [索取号:H319.4/378] 在馆    
4 0207579   001086988   第四借阅区/ [索取号:H319.4/378] 在馆    
5 0207580   001086979   第二样本阅览室/ [索取号:H319.4/378] 在馆    
唐山师范学院图书馆 欢迎您!
大连网信软件有限公司© 版权所有